WORD SCRAMBLE - 7 Letter Countries - Statistics

General Stats
  • This quiz has been taken 1,234 times
  • The average score is 16 of 20
Answer Stats
7 Letter Country Answer % Correct
GUUURAY URUGUAY
98%
MCAAAIJ JAMAICA
96%
FDNLIAN FINLAND
95%
TVEIAMN VIETNAM
91%
VOIIBLA BOLIVIA
90%
SMBHAAA BAHAMAS
89%
KNMDEAR DENMARK
87%
ARBELSU BELARUS
86%
AAABLNI ALBANIA
85%
RHBIAAN BAHRAIN
83%
REINDLA IRELAND
83%
CLNIEAD ICELAND
82%
MLASOAI SOMALIA
82%
RGGAEIO GEORGIA
75%
KRUEIAN UKRAINE
73%
GRIANIE NIGERIA
72%
RSTAAUI AUSTRIA
68%
GRALAEI ALGERIA
66%
RTAICAO CROATIA
66%
RNDGAAE GRENADA
65%
No matching quizzes found
Score Distribution
Percent of People with Each Score
Percentile by Number Answered
Your Score History
You have not taken this quiz